Normal view
MARC view
Entry Personal Name
001 - CONTROL NUMBER
- control field: 1138
003 - CONTROL NUMBER IDENTIFIER
- control field: BD-RjUL
005 - DATE AND TIME OF LATEST TRANSACTION
- control field: 20220206095350.0
008 - FIXED-LENGTH DATA ELEMENTS
- fixed length control field: 220206|| aca||aabn | a|a d
040 ## - CATALOGING SOURCE
- Original cataloging agency: BD-RjUL
- Transcribing agency: BD-RjUL
100 ## - HEADING--PERSONAL NAME
- Personal name: Gerges, Vladimir ;; جرجاس، ڤلاديمير
670 ## - SOURCE DATA FOUND
- Source citation: Work cat.: (BD-RjUL)79321: الدينوري، أبو حنيفة أحمد بن داود، توفي 895؟ 1133, كتاب الاخبار الطوال ;; Kitāb al-akhbār al-ṭiwāl /, [١٨٨٨]1888